Normal view
MARC view
- POWERPOINT 2000 POWERPOINT 98 MICROSOFT POWERPOINT 2000 & 98
Entry Topical Term
001 - CONTROL NUMBER
- control field: 56446
003 - CONTROL NUMBER IDENTIFIER
- control field: NUST
005 - DATE AND TIME OF LATEST TRANSACTION
- control field: 20210628201716.0
008 - FIXED-LENGTH DATA ELEMENTS
- fixed length control field: 210628|| aca||aabn | a|a d
040 ## - CATALOGING SOURCE
- Original cataloging agency: NUST
- Transcribing agency: NUST
150 ## - HEADING--TOPICAL TERM
- Topical term or geographic name entry element: POWERPOINT 2000 POWERPOINT 98 MICROSOFT POWERPOINT 2000 & 98
670 ## - SOURCE DATA FOUND
- Source citation: Work cat.: (NUST): Altman, Rebecca Bridges 56445, Powerpoint 2000 & 98 visual quick start guide for windows and macintosh, 1999
